Normal view
MARC view
Entry Personal Name
001 - CONTROL NUMBER
- control field: 43637
003 - CONTROL NUMBER IDENTIFIER
- control field: dpl
005 - DATE AND TIME OF LATEST TRANSACTION
- control field: 20120309121818.0
008 - FIXED-LENGTH DATA ELEMENTS
- fixed length control field: 120309|||a|||||| | ||| d
040 ## - CATALOGING SOURCE
- Original cataloging agency: dpl
- Transcribing agency: dpl
100 ## - HEADING--PERSONAL NAME
- Personal name: महाप्रज्ञ, युवाचार्य
670 ## - SOURCE DATA FOUND
- Source citation: Work cat.: (dpl): महाप्रज्ञ, युवाचार्य, सूयगडो 1 /, 1984
670 ## - SOURCE DATA FOUND
- Source citation: Work cat.: (dpl): महाप्रज्ञ, युवाचार्य, सूयगडो 1 /, 1984
